书目信息 |
| 题名: |
化学制药工艺学
|
|
| 作者: | 计志忠 主编 | |
| 分册: | ||
| 出版信息: | 北京 化学工业出版社 1980 |
|
| 页数: | 216页 | |
| 开本: | 25cm | |
| 丛书名: | ||
| 单 册: | ||
| 中图分类: | TQ460.6 | |
| 科图分类: | ||
| 主题词: | 药物--生产工艺--工艺学 | |
| 电子资源: | ||
| ISBN: | ||
| 000 | 00616nam0 2200229 45 | |
| 001 | 0180004086 | |
| 005 | 20060803154024.31 | |
| 010 | @dCNY1.45 | |
| 091 | @a15063.3192 | |
| 100 | @a19950420d1980 em y0chiy0121 ea | |
| 101 | 0 | @achi |
| 102 | @aCN@b110000 | |
| 105 | @ay z 000yy | |
| 200 | 10 | @a化学制药工艺学@Ahua xue zhi yao gong yi xue@f计志忠主编 |
| 210 | @a北京@c化学工业出版社@d1980 | |
| 215 | @a216页@d25cm | |
| 606 | @a药物@x生产工艺@x工艺学 | |
| 690 | @aTQ460.6@v3 | |
| 701 | 0 | @a计志忠@Aji zhi zhong@4主编 |
| 801 | 0 | @aCN@bTSSF@c20060803 |
| 801 | 2 | @aCN@bNLC@c20060720 |
| 905 | @a10447@dTQ460.6@e16 | |
| 化学制药工艺学/计志忠主编.-北京:化学工业出版社,1980 |
| 216页;25cm |
| ISBN :CNY1.45 |
| ● |
| 相关链接 |
|
|
|
|
正题名:化学制药工艺学
索取号:TQ460.6/16
 
预约/预借
| 序号 | 登录号 | 条形码 | 馆藏地/架位号 | 状态 | 备注 |
| 1 | 0431980 | 204319807 | 密集书库/ [索取号:TQ460.6/16] | 在馆 | |
| 2 | 0431981 | 204319816 | 密集书库/ [索取号:TQ460.6/16] | 在馆 | |
| 3 | 0439628 | 204396288 | 密集书库/ [索取号:TQ460.6/16] | 在馆 |